000 00431nam a22001697a 4500
003 CEME
005 20210628203618.0
008 210203b xxu||||| |||| 00| 0 eng d
040 _c.
082 _a910.4 TAR
100 _aTariq Ismail Sagar
_99439
245 _aUncle tom ka dais
260 _aLAHORE
_bSAGAR PUBLICATIONS
_c2002
300 _a275P
650 _aURDU ADAB-SAFAR NAMA-UNCLE TOM KA DAIS
_966540
942 _cBK
_2ddc
999 _c574501
_d574501